000 00605nam a2200217Ia 4500
003 OSt
005 20230317161444.0
008 210423s2007 xx 000 0 und d
020 _a9788173198168
040 _cAL
041 _aeng
082 _a547
_223
_bBRAG
100 _aBRAHMACHARI (Goutam).
_943048
245 _aOrganic chemistry through solved problems.
260 _aNew Delhi
_bNarosa Publishing House
_c2007
300 _ax,9.34,A26,
_bPB
365 _b295
_cINR
650 _aOrganic Chemistry
_943049
906 _achemistry ; Organic ; problems. ; solved ; through
942 _2ddc
_cBK
999 _c153754
_d153754